000 00681nam a2200253Ia 4500
003 OSt
005 20220918221126.0
006 a|||||r|||| 00| 0
007 ta
008 220917b |||||||| |||| 00| 0 eng d
024 _a148,373
037 _cTextual
040 _aARTS
_cARTS
_beng
041 _2eng
_aeng
082 _aS815:511, M2
100 _aBelle Deborah ed
_9139193
245 0 _aLivers in stress
_b women and depression
260 _aBeverly
_bHills Sage Pub
_c1982
300 _a246p.
_ccm.
490 _aSage focus editions; 45
650 _aPSYCHOLOGY
942 _hS815:511, M2
_cTEXL
_2CC
999 _c271050
_d271050